|
|
|
|
| LEADER |
02067nam a2200517 4500 |
| 001 |
ocn956479881 |
| 003 |
OCoLC |
| 005 |
20180501122032.0 |
| 006 |
m o d |
| 007 |
cr cnu---unuuu |
| 008 |
160810s2016 maua ob 001 0 eng d |
| 040 |
|
|
|a YDXCP
|b eng
|e rda
|e pn
|c YDXCP
|d OPELS
|d BUF
|d N$T
|d OCLCF
|d CASUM
|d UPM
|d OCLCO
|d GrThAP
|
| 019 |
|
|
|a 957617176
|
| 020 |
|
|
|a 9780128053638
|q (electronic bk.)
|
| 020 |
|
|
|a 0128053631
|q (electronic bk.)
|
| 020 |
|
|
|a 9780128053478
|
| 020 |
|
|
|a 012805347X
|
| 035 |
|
|
|a (OCoLC)956479881
|z (OCoLC)957617176
|
| 050 |
|
4 |
|a QP601
|
| 072 |
|
7 |
|a SCI
|x 007000
|2 bisacsh
|
| 082 |
0 |
4 |
|a 572/.7
|2 23
|
| 049 |
|
|
|a TEFA
|
| 245 |
0 |
0 |
|a Computational approaches for studying enzyme mechanism.
|n Part A /
|c edited by Gregory A. Voth.
|
| 264 |
|
1 |
|a Cambridge, MA :
|b Academic Press is an imprint of Elsevier,
|c 2016.
|
| 300 |
|
|
|a 1 online resource :
|b color illustrations.
|
| 336 |
|
|
|a text
|b txt
|2 rdacontent
|
| 337 |
|
|
|a computer
|b c
|2 rdamedia
|
| 338 |
|
|
|a online resource
|b cr
|2 rdacarrier
|
| 490 |
1 |
|
|a Methods in enzymology ;
|v volume 577
|
| 504 |
|
|
|a Includes bibliographical references and indexes.
|
| 588 |
0 |
|
|a Online resource; title from PDF title page (ScienceDirect, viewed August 12, 2016).
|
| 650 |
|
0 |
|a Enzymology.
|
| 650 |
|
0 |
|a Enzymes
|x Analysis.
|
| 650 |
|
0 |
|a Enzymes
|x Synthesis.
|
| 650 |
|
7 |
|a SCIENCE / Life Sciences / Biochemistry
|2 bisacsh
|
| 650 |
|
7 |
|a Enzymes
|x Analysis.
|2 fast
|0 (OCoLC)fst00913606
|
| 650 |
|
7 |
|a Enzymes
|x Synthesis.
|2 fast
|0 (OCoLC)fst00913628
|
| 650 |
|
7 |
|a Enzymology.
|2 fast
|0 (OCoLC)fst00913635
|
| 650 |
|
2 |
|a Computational Biology
|x methods.
|0 (DNLM)D019295Q000379
|
| 650 |
|
2 |
|a Enzymes
|x analysis.
|0 (DNLM)D004798Q000032
|
| 650 |
|
2 |
|a Enzymes
|x chemical synthesis.
|0 (DNLM)D004798Q000138
|
| 655 |
|
4 |
|a Electronic books.
|
| 700 |
1 |
|
|a Voth, Gregory A.,
|e editor.
|
| 776 |
0 |
8 |
|i Print version:
|z 012805347X
|z 9780128053478
|w (OCoLC)946605486
|
| 830 |
|
0 |
|a Methods in enzymology ;
|v v. 577.
|
| 856 |
4 |
0 |
|u https://www.sciencedirect.com/science/bookseries/00766879/577
|z Full Text via HEAL-Link
|